[Event "Sochi ChessAmateur op"]
[Site "Sochi"]
[Date "2018.04.04"]
[Round "6"]
[White "Frenkel, Ran"]
[Black "Latyev, Viktor"]
[Result "0-1"]
[WhiteElo "2257"]
[BlackElo "2216"]
[PlyCount "80"]
[EventDate "2018.04.01"]
[EventType "swiss"]
[EventRounds "9"]
[EventCountry "RUS"]
[SourceTitle "CBM 184 Extra"]
[Source "ChessBase"]
[SourceDate "2018.06.28"]
[SourceVersion "1"]
[SourceVersionDate "2018.06.28"]
[SourceQuality "1"]

1. Nf3 Nf6 2. c4 e6 3. g3 b6 4. Bg2 Bb7 5. 0-0 c5 6. b3 Be7 7. Bb2 d6 8. Qc2 a6 9. Rd1 Ra7 10. d3 0-0 11. Nbd2 Nbd7 12. Rac1 Ba8 13. Qb1 Qb8 14. Qa1 Rc8 15. e3 Bf8 16. a3 b5 17. Rb1 Bc6 18. Bc3 Qa8 19. Ne1 Bxg2 20. Nxg2 Ne8 21. Qa2 Qc6 22. Qc2 d5 23. Ne1 Nd6 24. Ba1 a5 25. cxd5 exd5 26. Rdc1 Ra6 27. Qd1 Nf5 28. e4 Ne7 29. f4 Qb6 30. Kg2 Rd8 31. Qe2 a4 32. bxa4 Rxa4 33. Bb2 Qe6 34. Nef3 h6 35. Qf1 Qa6 36. f5 c4 37. exd5 Nxd5 38. Qe2 cxd3 39. Qxd3 N7f6 40. Bxf6 Nf4+ 0-1

[Event "Berdsk-ch"]
[Site "Berdsk"]
[Date "2011.01.09"]
[Round "8"]
[White "Khanin, Semen"]
[Black "Latyev, Viktor"]
[Result "1-0"]
[WhiteElo "2056"]
[BlackElo "2016"]
[PlyCount "65"]
[EventDate "2011.01.02"]
[EventType "swiss"]
[EventRounds "9"]
[EventCountry "RUS"]
[SourceTitle "CBM 140 Extra"]
[Source "ChessBase"]
[SourceDate "2011.03.01"]
[SourceVersion "1"]
[SourceVersionDate "2011.03.01"]
[SourceQuality "1"]

1. e4 c5 2. Nf3 d6 3. d4 cxd4 4. Nxd4 Nf6 5. Nc3 a6 6. Be3 e5 7. Nb3 Be6 8. Qd2 Be7 9. f3 Nbd7 10. 0-0-0 0-0 11. g4 b5 12. Rg1 Nb6 13. g5 Nh5 14. f4 b4 15. Nd5 Bxd5 16. exd5 Nxf4 17. Bxf4 exf4 18. Qxf4 Nd7 19. Nd4 Ne5 20. h4 Rc8 21. Kb1 Qb6 22. Bd3 g6 23. h5 Rc5 24. Qe4 Re8 25. hxg6 hxg6 26. Qh4 Bf8 27. Rh1 Bg7 28. Ne6 fxe6 29. Rdf1 Nf7 30. Qh7+ Kf8 31. Rxf7+ Kxf7 32. Bxg6+ Kf8 33. Rf1+ 1-0

[Event "Berdsk Maestro op 16th"]
[Site "Berdsk"]
[Date "2010.07.15"]
[Round "8"]
[White "Pavlovskiy, Pavel"]
[Black "Latyev, Viktor"]
[Result "1-0"]
[WhiteElo "2095"]
[BlackElo "1956"]
[PlyCount "71"]
[EventDate "2010.07.08"]
[EventType "swiss"]
[EventRounds "9"]
[EventCountry "RUS"]
[SourceTitle "EXT 2011"]
[Source "ChessBase"]
[SourceDate "2010.11.26"]
[SourceVersion "1"]
[SourceVersionDate "2010.11.26"]
[SourceQuality "1"]

1. d4 d5 2. Bg5 Nf6 3. Bxf6 exf6 4. e3 Bd6 5. c4 dxc4 6. Bxc4 0-0 7. Nf3 c6 8. 0-0 Nd7 9. Nc3 Nb6 10. Be2 Be6 11. Ne4 Qe7 12. Nxd6 Qxd6 13. Qc2 Rfe8 14. Nd2 f5 15. Bd3 g6 16. g3 Rad8 17. Rfd1 Bd5 18. Nb3 Re7 19. Nc5 Rde8 20. b4 Bf3 21. Be2 Qd5 22. Bxf3 Qxf3 23. Nd3 Nd5 24. Ne5 Qh5 25. Qc4 Kg7 26. b5 f6 27. Nd3 Qf3 28. bxc6 bxc6 29. Qxc6 Re6 30. Qb7+ R8e7 31. Qa8 Re8 32. Qxa7+ R6e7 33. Qa5 Rxe3 34. fxe3 Nxe3 35. Rd2 Nc4 36. Qc7+ 1-0

[Event "Berdsk Maestro op 16th"]
[Site "Berdsk"]
[Date "2010.07.09"]
[Round "2"]
[White "Glukhov, Mikhail"]
[Black "Latyev, Viktor"]
[Result "0-1"]
[WhiteElo "2222"]
[BlackElo "1956"]
[PlyCount "68"]
[EventDate "2010.07.08"]
[EventType "swiss"]
[EventRounds "9"]
[EventCountry "RUS"]
[SourceTitle "EXT 2011"]
[Source "ChessBase"]
[SourceDate "2010.11.26"]
[SourceVersion "1"]
[SourceVersionDate "2010.11.26"]
[SourceQuality "1"]

1. e4 c5 2. Nf3 d6 3. d4 cxd4 4. Nxd4 Nf6 5. Nc3 a6 6. f4 Qc7 7. Qf3 e6 8. g4 b5 9. g5 Nfd7 10. a3 Nc6 11. Be3 Bb7 12. 0-0-0 Be7 13. h4 Nc5 14. h5 0-0-0 15. Bh3 Kb8 16. g6 hxg6 17. hxg6 Nxd4 18. Bxd4 f5 19. Qe3 Nxe4 20. Bb6 Qc8 21. Bxd8 Qxd8 22. Nxe4 Bxe4 23. Rhg1 Qc7 24. Rd2 d5 25. Qg3 Rc8 26. c3 Qa5 27. Kd1 Bxa3 28. Bg2 Qa4+ 29. Ke1 Bc5 30. Rf1 Qc4 31. Kd1 b4 32. Bxe4 Qxe4 33. Kc1 bxc3 34. bxc3 Be3 0-1

[Event "Berdsk Maestro op 15th"]
[Site "Berdsk"]
[Date "2009.07.14"]
[Round "7"]
[White "Petrukhina, Irina"]
[Black "Latyev, Viktor"]
[Result "0-1"]
[WhiteElo "2055"]
[BlackElo "1855"]
[PlyCount "85"]
[EventDate "2009.07.08"]
[EventType "swiss"]
[EventRounds "9"]
[EventCountry "RUS"]
[SourceTitle "EXT 2022"]
[Source "ChessBase"]
[SourceDate "2021.10.06"]
[SourceVersion "1"]
[SourceVersionDate "2021.10.06"]
[SourceQuality "1"]

1. d4 d5 2. c4 c6 3. Nc3 Nf6 4. Nf3 e6 5. Bg5 h6 6. Bh4 dxc4 7. e4 g5 8. Bg3 b5 9. a3 Bb7 10. Be2 Nbd7 11. Qc2 Be7 12. Rd1 Qa5 13. 0-0 Rd8 14. Ne5 0-0 15. f4 Nh7 16. fxg5 Nxe5 17. Bxe5 Bxg5 18. Bg4 Bc8 19. Qf2 f6 20. Bg3 f5 21. exf5 exf5 22. Bf3 f4 23. Bh4 Qb6 24. Ne2 Nf6 25. h3 Bf5 26. Rfe1 Bd3 27. Bxg5 hxg5 28. Kh2 Qc7 29. Nc1 Bf5 30. Re5 Qh7 31. Kg1 Nd5 32. Bxd5+ cxd5 33. Qf3 Qg6 34. Rde1 Be4 35. Qg4 Rf5 36. Re7 Rdf8 37. Na2 Qf6 38. Re5 Rxe5 39. dxe5 Qxe5 40. h4 f3 41. hxg5 Qd4+ 42. Kh2 Qf2 43. Kh1 0-1

[Event "Izmailov Memorial op 13th"]
[Site "Tomsk"]
[Date "2009.07.01"]
[Round "8"]
[White "Usatov, Vladimir"]
[Black "Latyev, Viktor"]
[Result "0-1"]
[WhiteElo "2157"]
[BlackElo "1855"]
[PlyCount "92"]
[EventDate "2009.06.24"]
[EventType "swiss"]
[EventRounds "9"]
[EventCountry "RUS"]
[SourceTitle "EXT 2010"]
[Source "ChessBase"]
[SourceDate "2010.11.25"]
[SourceVersion "1"]
[SourceVersionDate "2010.11.25"]
[SourceQuality "1"]

1. Nf3 Nf6 2. c4 c6 3. d4 d5 4. cxd5 cxd5 5. Nc3 Nc6 6. Bf4 a6 7. e3 e6 8. h3 b5 9. Rc1 Bb7 10. Bd3 Be7 11. 0-0 0-0 12. g4 Rc8 13. Nd2 Ne8 14. Ne2 g6 15. Nb3 Ng7 16. Nc5 Bxc5 17. Rxc5 Qe7 18. Rc1 e5 19. dxe5 Nxe5 20. Bxe5 Qxe5 21. Nd4 Ne6 22. Nxe6 fxe6 23. Qe2 Rxc1 24. Rxc1 d4 25. f4 Qxe3+ 26. Qxe3 dxe3 27. Re1 Rxf4 28. Rxe3 Bd5 29. a3 Kf7 30. Be2 Kf6 31. Rc3 b4 32. axb4 Rxb4 33. Rc2 a5 34. Kh2 Kg5 35. Bf1 Kf4 36. Rf2+ Ke3 37. Kg3 g5 38. Re2+ Kd4 39. Rd2+ Ke5 40. Re2+ Re4 41. Rc2 h6 42. Rc5 a4 43. Rc2 Re3+ 44. Kh2 Kf4 45. Bb5 Re1 46. Rf2+ Ke3 0-1

[Event "Izmailov Memorial op 13th"]
[Site "Tomsk"]
[Date "2009.06.29"]
[Round "6"]
[White "Ulkhanov, Azamat"]
[Black "Latyev, Viktor"]
[Result "0-1"]
[WhiteElo "2051"]
[BlackElo "1855"]
[PlyCount "124"]
[EventDate "2009.06.24"]
[EventType "swiss"]
[EventRounds "9"]
[EventCountry "RUS"]
[SourceTitle "EXT 2010"]
[Source "ChessBase"]
[SourceDate "2010.11.25"]
[SourceVersion "1"]
[SourceVersionDate "2010.11.25"]
[SourceQuality "1"]

1. d4 d5 2. Nf3 Nf6 3. c4 c6 4. Qc2 dxc4 5. Qxc4 Bf5 6. g3 e6 7. Bg2 Nbd7 8. 0-0 Be7 9. Nc3 0-0 10. Qb3 Qb6 11. Qxb6 axb6 12. Nh4 Bc2 13. Bd2 h6 14. Rac1 Bh7 15. Rfe1 b5 16. a3 Nb6 17. Rcd1 Nc4 18. Bc1 Bc2 19. e4 Bxd1 20. Rxd1 b4 21. axb4 Bxb4 22. Bf1 Nb6 23. f3 Rfd8 24. Be3 Na4 25. Nxa4 Rxa4 26. Rd3 Be7 27. Ng2 c5 28. dxc5 Rxd3 29. Bxd3 Rb4 30. Bc1 Bxc5+ 31. Kf1 Bd4 32. Ke2 Bxb2 33. Bd2 Rb6 34. Ne3 Bd4 35. Nc4 Rc6 36. Na5 Rc7 37. h4 Nd7 38. Bb1 Bc3 39. Nb3 b5 40. Bf4 e5 41. Be3 Kf8 42. Kd3 Ke7 43. Ke2 Kd6 44. Bd3 Rb7 45. g4 Bb4 46. f4 f6 47. Bc2 Nc5 48. Nxc5 Bxc5 49. Bc1 b4 50. Bb3 Bd4 51. Kd3 Kc5 52. f5 Rd7 53. Be6 Rd8 54. Ke2 Kb5 55. Bb3 Bb6 56. Bb2 Bf2 57. h5 Bg3 58. Bd5 Kc5 59. Kd3 Rxd5+ 60. exd5 Kxd5 61. Ba1 e4+ 62. Ke3 Be5 0-1